Permission marketing : turning strangers into friends, and friends into customers /
| প্রধান লেখক: | |
|---|---|
| বিন্যাস: | গ্রন্থ |
| ভাষা: | English |
| প্রকাশিত: |
New York :
Simon & Schuster,
c1999.
|
| বিষয়গুলি: | |
| অনলাইন ব্যবহার করুন: | Contributor biographical information Sample text Publisher description Table of contents only |
| Classic Catalogue: | View this record in Classic Catalogue |
| LEADER | 01338nam a22003374a 4500 | ||
|---|---|---|---|
| 001 | 30748 | ||
| 003 | BD-DhAAL | ||
| 005 | 20151228192342.0 | ||
| 008 | 151228s1999 nyu 001 0 eng | ||
| 010 | |a 98050352 | ||
| 020 | |a 0684856360 | ||
| 035 | |a (DLC) 98050352 | ||
| 040 | |a DLC |c DLC |d DLC |d BD-DhAAL | ||
| 042 | |a pcc | ||
| 050 | 0 | 0 | |a HF5415.55 |b .G63 1999 |
| 082 | 0 | 0 | |a 658.8 |2 21 |
| 100 | 1 | |a Godin, Seth. |9 15662 | |
| 245 | 1 | 0 | |a Permission marketing : |b turning strangers into friends, and friends into customers / |c Seth Godin. |
| 260 | |a New York : |b Simon & Schuster, |c c1999. | ||
| 300 | |a 255 p. ; |c 20 cm. | ||
| 500 | |a Includes index. | ||
| 526 | |a CED | ||
| 541 | |e 30748 | ||
| 650 | 0 | |a Relationship marketing. |9 2218 | |
| 856 | 4 | 2 | |3 Contributor biographical information |u http://www.loc.gov/catdir/bios/simon051/98050352.html |
| 856 | 4 | 1 | |3 Sample text |u http://www.loc.gov/catdir/samples/simon031/98050352.html |
| 856 | 4 | 2 | |3 Publisher description |u http://www.loc.gov/catdir/description/simon033/98050352.html |
| 856 | 4 | 1 | |3 Table of contents only |u http://www.loc.gov/catdir/enhancements/fy0631/98050352-t.html |
| 942 | |2 ddc |c BK | ||
| 999 | |c 35883 |d 35883 | ||
| 952 | |0 0 |1 0 |2 ddc |4 0 |6 658_800000000000000_GOD |7 0 |9 57399 |a CED |b CED |c GEN |d 2015-12-28 |e Trim Education |g 1291.00 |l 0 |o 658.8 GOD |p 3010030748 |r 2015-12-28 |t 1 |w 2015-12-28 |y BK | ||